[Event "Candidates FED U16 Online"]
[Site "chess.com INT"]
[Date "2020.04.18"]
[Round "3.2"]
[Board "3"]
[White "Boyer, Mahel"]
[Black "Zhang, Di"]
[Result "0-1"]
[WhiteTitle "FM"]
[WhiteElo "2294"]
[BlackElo "2108"]
[WhiteTeam "FRA"]
[BlackTeam "CHN"]
[WhiteFideId "45102422"]
[BlackFideId "8616590"]
[EventDate "2020.04.18"]
[EventType "team (rapid)"]

1. e4 c5 2. d3 Nc6 3. g3 g6 4. Bg2 Bg7 5. f4 d6 6. Nf3 Nf6 7. O-O Qc7 8. Nc3 Bg4
9. h3 Bxf3 10. Qxf3 Nd4 11. Qf2 h5 12. e5 dxe5 13. fxe5 Qxe5 14. Bf4 Qf5 15.
Rae1 O-O 16. Rxe7 Ne6 17. Rxb7 h4 18. g4 Qxf4 19. Qxf4 Nxf4 20. Rxf4 Rae8 21.
Nd5 Nh7 22. Ne7+ Kh8 23. c3 Ng5 24. Ra4 Rd8 25. Bf1 Bf6 26. Raxa7 Rfe8 27. Kg2
Rd6 28. Rc7 Re6 29. Nc8 Be5 30. Rxc5 Bf4 31. d4 Re3 32. Nd6 Rg3+ 33. Kf2 Rf3+
34. Kg2 Rg3+ 35. Kf2 Bxd6 36. Rxg5 Bf4 37. Re5 Bxe5 38. dxe5 Kg7 39. Bc4 Rxh3
40. Rxf7+ Kh6 41. e6 Rh2+ 42. Kf3 Rxb2 43. Rf4 Kg5 44. Re4 h3 45. Re1 h2 46. Rh1
Rc2 47. Bb3 Rxc3+ 48. Kg2 Rd8 49. Rxh2 Rd2+ 50. Kh1 Rc1+ 51. Bd1 Rcxd1# 0-1

[Event "Candidates FED U16 Online"]
[Site "chess.com INT"]
[Date "2020.04.18"]
[Round "3.2"]
[Board "4"]
[White "Ning, Kaiyu"]
[Black "Tomasi, Elise"]
[Result "1-0"]
[WhiteTitle "WIM"]
[WhiteElo "2327"]
[BlackElo "2030"]
[WhiteTeam "CHN"]
[BlackTeam "FRA"]
[WhiteFideId "8614750"]
[BlackFideId "26088843"]
[EventDate "2020.04.18"]
[EventType "team (rapid)"]

1. d4 d5 2. c4 e6 3. Nf3 Nf6 4. g3 Be7 5. Bg2 O-O 6. Nc3 c5 7. cxd5 exd5 8. O-O
Nc6 9. b3 h6 10. Bb2 b6 11. Rc1 Bb7 12. dxc5 bxc5 13. Na4 Qd6 14. Nxc5 Bc8 15.
Nd4 Nxd4 16. Qxd4 Be6 17. Rfd1 Rac8 18. b4 Qb6 19. Nxe6 fxe6 20. a3 Rfd8 21. Bh3
Kf7 22. e3 Qxd4 23. Bxd4 a5 24. bxa5 Bxa3 25. Ra1 Bb4 26. a6 Ne4 27. a7 Ra8 28.
Rdb1 Bc5 29. Rb7+ Ke8 30. Rxg7 Bxd4 31. exd4 Ng5 32. Bg4 Kf8 33. Rb7 Ke8 34. h4
Nf7 35. Bh5 1-0

[Event "Candidates FED U16 Online"]
[Site "chess.com INT"]
[Date "2020.04.18"]
[Round "3.2"]
[Board "5"]
[White "Sumarriva Paulin, Laura"]
[Black "Song, Yuxin"]
[Result "0-1"]
[WhiteTitle "WFM"]
[BlackTitle "WIM"]
[WhiteElo "2023"]
[BlackElo "2290"]
[WhiteTeam "FRA"]
[BlackTeam "CHN"]
[WhiteFideId "45102635"]
[BlackFideId "8614300"]
[EventDate "2020.04.18"]
[EventType "team (rapid)"]

1. e4 e5 2. Bc4 Nf6 3. d3 c6 4. Bb3 d5 5. Qe2 d4 6. Nf3 Bd6 7. O-O h6 8. Nbd2
Qe7 9. c3 c5 10. Re1 O-O 11. Nf1 Nc6 12. Ng3 b5 13. Nh4 dxc3 14. bxc3 b4 15.
Nhf5 Qc7 16. cxb4 cxb4 17. Qf3 Nd4 18. Nxd4 Bg4 19. Qe3 exd4 20. Qd2 Qc3 21.
Qxc3 bxc3 22. e5 Rfe8 23. Bf4 Bc7 24. h3 Nh5 25. Bxf7+ Kxf7 26. Nxh5 Bxh5 27.
e6+ Rxe6 28. Bxc7 Be2 29. f4 Bxd3 30. Be5 Rd8 31. Red1 Bc4 32. Rxd4 Rxd4 33.
Bxd4 c2 34. Rc1 Bd3 35. Bxa7 Ra6 36. Be3 Rxa2 37. Kf2 Ke6 38. Ke1 Kd5 39. Kd2
Kc4 40. g3 Rb2 41. h4 h5 42. Bf2 g6 43. Be3 Rb3 44. Bf2 Kd5 45. Ke1 Ke4 46. Kd2
Kf3 47. Ke1 Kg2 0-1

[Event "Candidates FED U16 Online"]
[Site "chess.com INT"]
[Date "2020.04.18"]
[Round "3.3"]
[Board "1"]
[White "Han, Yichen"]
[Black "Hong, Andrew"]
[Result "0-1"]
[WhiteTitle "FM"]
[BlackTitle "IM"]
[WhiteElo "2307"]
[BlackElo "2444"]
[WhiteTeam "NED"]
[BlackTeam "USA"]
[WhiteFideId "1054430"]
[BlackFideId "2099438"]
[EventDate "2020.04.18"]
[EventType "team (rapid)"]

1. e4 c5 2. Nf3 d6 3. d4 cxd4 4. Nxd4 Nf6 5. Nc3 a6 6. Bg5 Nbd7 7. Bc4 Qb6 8.
Qd2 Qxb2 9. Rb1 Qa3 10. O-O e6 11. Bxe6 fxe6 12. Nxe6 Kf7 13. Nd8+ Ke8 14. Ne6
Kf7 15. Nd8+ Ke8 16. Nxb7 Bxb7 17. Rxb7 Nc5 18. Nd5 Nxb7 19. Nc7+ Kd7 20. Nxa8
Qa5 21. Qe3 Qc5 22. Qh3+ Kd8 23. Be3 Qc6 24. Bb6+ Ke7 25. e5 dxe5 26. f4 e4 27.
Qb3 Qb5 28. Qe3 Kf7 29. Nc7 Qxb6 30. Qxb6 Bc5+ 31. Qxc5 Nxc5 32. c4 Rc8 33. Nd5
Nxd5 34. cxd5 Nd3 35. Rb1 e3 36. Kf1 Rc2 37. Rb7+ Ke8 0-1

[Event "Candidates FED U16 Online"]
[Site "chess.com INT"]
[Date "2020.04.18"]
[Round "3.3"]
[Board "2"]
[White "Yoo, Christopher Woojin"]
[Black "Elgersma, Onno"]
[Result "1-0"]
[WhiteTitle "IM"]
[BlackTitle "FM"]
[WhiteElo "2455"]
[BlackElo "2298"]
[WhiteTeam "USA"]
[BlackTeam "NED"]
[WhiteFideId "30909694"]
[BlackFideId "1053531"]
[EventDate "2020.04.18"]
[EventType "team (rapid)"]

1. e4 c6 2. d4 g6 3. Nc3 d5 4. h3 Bg7 5. Nf3 dxe4 6. Nxe4 Nf6 7. Nxf6+ exf6 8.
Be2 O-O 9. O-O Re8 10. Be3 f5 11. c4 Nd7 12. Qc2 Nf6 13. Rad1 Qc7 14. Rfe1 a5
15. Qc1 Ne4 16. Bf4 Qb6 17. Bd3 a4 18. Qc2 Bd7 19. Be5 Nf6 20. Qc1 Qb4 21. a3
Qb6 22. Re2 Rad8 23. Rde1 c5 24. d5 h6 25. Qf4 g5 26. Qc1 f4 27. Qc3 Nh5 28.
Bxg7 Nxg7 29. Ne5 Qd6 30. Bc2 Bf5 31. Bxa4 Re7 32. Ng4 1-0

[Event "Candidates FED U16 Online"]
[Site "chess.com INT"]
[Date "2020.04.18"]
[Round "3.3"]
[Board "3"]
[White "Van Dael, Siem"]
[Black "Shlyakhtenko, Robert"]
[Result "1-0"]
[WhiteTitle "FM"]
[BlackTitle "FM"]
[WhiteElo "2293"]
[BlackElo "2342"]
[WhiteTeam "NED"]
[BlackTeam "USA"]
[WhiteFideId "1049771"]
[BlackFideId "30936934"]
[EventDate "2020.04.18"]
[EventType "team (rapid)"]

1. e4 g6 2. d4 Bg7 3. Nc3 c6 4. h3 d5 5. Nf3 Nh6 6. Be2 O-O 7. O-O f6 8. Re1 Nf7
9. Be3 b6 10. Qd2 Na6 11. a3 Nc7 12. Rad1 Bb7 13. Bf1 Qd7 14. exd5 Nxd5 15. Nxd5
cxd5 16. Bf4 Rae8 17. Bg3 e5 18. dxe5 fxe5 19. c4 d4 20. Nh2 e4 21. b4 h5 22. c5
bxc5 23. bxc5 Qe7 24. Qb4 Bc6 25. Bd6 Nxd6 26. cxd6 Qf7 27. Bc4 Bd5 28. Bxd5
Qxd5 29. Rc1 Qf5 30. Rf1 Rd8 31. Rc5 Qf4 32. Rd5 Be5 33. g3 Qf6 34. d7 Rf7 35.
Qa5 Bb8 36. Rxd4 Rdxd7 37. Rxe4 Kh7 38. Re8 Bc7 39. Qe1 Bb6 40. Re6 Qg5 41. Qe5
Qd2 42. Qe4 Bxf2+ 43. Kh1 Qg5 44. g4 Bg3 45. Nf3 Qh6 46. g5 Qg7 47. Kg2 Bf4 48.
Nh4 Rd2+ 49. Kh1 Rh2+ 50. Kg1 Rxh3 51. Nxg6 Rg3+ 52. Kh1 Rh3+ 53. Kg1 Rg3+ 54.
Kh1 Rh3+ 55. Kg2 Rg3+ 56. Kf2 Bb8+ 57. Nf4+ Kg8 58. Re8+ Rf8 59. Rxf8+ Qxf8 60.
Kxg3 h4+ 61. Kxh4 Qf7 62. Qg6+ Qxg6 63. Nxg6 Bd6 64. Nf4 Bxa3 65. Nd5 Bc5 66.
Kh5 a5 67. Kg6 a4 68. Rc1 Bf8 69. Rc8 1-0

[Event "Candidates FED U16 Online"]
[Site "chess.com INT"]
[Date "2020.04.18"]
[Round "3.3"]
[Board "4"]
[White "Samadashvili, Martha"]
[Black "Roebers, Eline"]
[Result "1-0"]
[WhiteTitle "WFM"]
[WhiteElo "2215"]
[BlackElo "2066"]
[WhiteTeam "USA"]
[BlackTeam "NED"]
[WhiteFideId "2097478"]
[BlackFideId "1058401"]
[EventDate "2020.04.18"]
[EventType "team (rapid)"]

1. e4 c5 2. Nf3 e6 3. g3 Nc6 4. Bg2 Nf6 5. Qe2 e5 6. O-O Be7 7. d3 O-O 8. c3 Re8
9. Na3 Bf8 10. Nc4 d5 11. exd5 Nxd5 12. Qc2 f6 13. a4 Be6 14. b3 Rc8 15. Rd1 Qc7
16. Bb2 Red8 17. Nfd2 h6 18. Nf1 Qf7 19. Re1 g6 20. Rad1 Bg7 21. Qe2 Bf5 22. h3
Qd7 23. Kh2 Re8 24. Nfe3 Nxe3 25. Qxe3 b6 26. Qf3 Be6 27. Bc1 Red8 28. Qe4 f5
29. Qh4 g5 30. Qh5 Bf7 31. Qf3 Bd5 32. Qxd5+ Qxd5 33. Bxd5+ Rxd5 34. Ne3 Rdd8
35. Nxf5 Rd7 36. Rd2 Rcd8 37. Red1 Bf8 38. Bb2 Ne7 39. Nxe7+ Bxe7 40. g4 e4 41.
d4 Bd6+ 42. Kg2 cxd4 43. Rxd4 Kf7 44. Rxe4 Bf4 45. Rxd7+ Rxd7 46. Rd4 Re7 47.
Kf3 Rc7 48. Re4 Rd7 49. Rd4 Rc7 50. c4 Be5 51. Rd2 Bxb2 52. Rxb2 Rd7 53. Ke3
Re7+ 54. Kd3 Rd7+ 55. Kc3 Ke6 56. Re2+ Kf6 57. b4 Rc7 58. Re3 Rd7 59. c5 bxc5
60. bxc5 Rd1 61. f3 Rc1+ 62. Kb4 Rb1+ 63. Ka5 Rc1 64. Kb5 Rb1+ 65. Kc6 Ra1 66.
Kb7 Rxa4 67. c6 Rb4+ 68. Kxa7 Rc4 69. Kb7 Rb4+ 70. Kc8 Rc4 71. c7 Rd4 72. Rc3
Ke5 73. Kb7 Rb4+ 74. Kc6 1-0

[Event "Candidates FED U16 Online"]
[Site "chess.com INT"]
[Date "2020.04.18"]
[Round "3.3"]
[Board "5"]
[White "Huang, Wendy"]
[Black "Wu, Rochelle"]
[Result "0-1"]
[BlackTitle "WIM"]
[WhiteElo "1860"]
[BlackElo "2028"]
[WhiteTeam "NED"]
[BlackTeam "USA"]
[WhiteFideId "1060724"]
[BlackFideId "30908132"]
[EventDate "2020.04.18"]
[EventType "team (rapid)"]

1. e4 c5 2. Nf3 d6 3. d4 cxd4 4. Nxd4 Nf6 5. Nc3 Nc6 6. Be2 g6 7. O-O Bg7 8. Nb3
O-O 9. Re1 Bd7 10. Bf1 Rc8 11. Nd5 Ne5 12. c3 b5 13. Bg5 Nxd5 14. exd5 h6 15.
Be3 Qc7 16. Qd2 Kh7 17. Rad1 Rfe8 18. Nd4 Nc4 19. Bxc4 Qxc4 20. Nb3 Qc7 21. Bd4
Bxd4 22. Qxd4 a6 23. Re3 Qc4 24. Rde1 e5 25. dxe6 Bxe6 26. Qxd6 Red8 27. Qe5 Bd5
28. h3 b4 29. cxb4 Qxb4 30. Rd1 Be6 31. Red3 Rxd3 32. Rxd3 Bf5 33. Rc3 Rd8 34.
Qc5 Rd1+ 35. Kh2 Qf4+ 36. Rg3 Be6 37. Qc3 Qxf2 38. Qe3 Qf1 39. Rf3 Qh1+ 40. Kg3
Rg1 41. Qe2 Qxh3+ 42. Kf2 Rxg2+ 43. Ke3 Rxe2+ 0-1

[Event "Candidates FED U16 Online"]
[Site "chess.com INT"]
[Date "2020.04.19"]
[Round "4.1"]
[Board "1"]
[White "Nihal, Sarin"]
[Black "Hong, Andrew"]
[Result "1-0"]
[WhiteTitle "GM"]
[BlackTitle "IM"]
[WhiteElo "2620"]
[BlackElo "2444"]
[WhiteTeam "FIDE"]
[BlackTeam "USA"]
[WhiteFideId "25092340"]
[BlackFideId "2099438"]
[EventDate "2020.04.18"]
[EventType "team (rapid)"]

1. e4 c5 2. Nf3 d6 3. Nc3 Nf6 4. e5 dxe5 5. Nxe5 a6 6. g3 Nbd7 7. d4 e6 8. Be3
cxd4 9. Bxd4 Qc7 10. Qe2 Bc5 11. Bxc5 Qxc5 12. Nd3 Qc6 13. Rg1 O-O 14. Bg2 Qc7
15. O-O-O Rb8 16. g4 Nc5 17. Nxc5 Qxc5 18. f4 b5 19. g5 b4 20. Na4 Qb5 21. Qxb5
axb5 22. Nc5 Ne8 23. Rd4 Nc7 24. Rgd1 Na6 25. Nxa6 Bxa6 26. Rxb4 Rb6 27. a4 f6
28. a5 Rbb8 29. Rd6 Bb7 30. Bxb7 Rxb7 31. a6 Rbb8 32. gxf6 Rxf6 33. Rbd4 Rff8
34. Rxe6 Kf7 35. f5 Rfd8 36. a7 Ra8 37. Rxd8 Rxd8 38. Ra6 Ra8 39. Kd2 Ke7 40.
Kc3 Kd7 41. Kb4 Kc7 42. Kxb5 Kb7 43. c4 g5 44. fxg6 1-0

[Event "Candidates FED U16 Online"]
[Site "chess.com INT"]
[Date "2020.04.19"]
[Round "4.1"]
[Board "2"]
[White "Yoo, Christopher Woojin"]
[Black "Abdusattorov, Nodirbek"]
[Result "0-1"]
[WhiteTitle "IM"]
[BlackTitle "GM"]
[WhiteElo "2455"]
[BlackElo "2627"]
[WhiteTeam "USA"]
[BlackTeam "FIDE"]
[WhiteFideId "30909694"]
[BlackFideId "14204118"]
[EventDate "2020.04.18"]
[EventType "team (rapid)"]

1. e4 c5 2. e5 Nc6 3. Nf3 e6 4. c3 d6 5. exd6 Bxd6 6. d4 cxd4 7. cxd4 Nf6 8. Nc3
O-O 9. Bd3 h6 10. O-O b6 11. a3 Bb7 12. Qe2 Rc8 13. Rd1 Bb8 14. Ne4 Na5 15. b4
Nb3 16. Rb1 Nxc1 17. Rbxc1 Nd5 18. g3 Ne7 19. Ba6 Bxa6 20. Qxa6 Qd5 21. Qd3 Rfd8
22. Rxc8 Rxc8 23. Nc3 Qb3 24. Ne2 Qxd3 25. Rxd3 Nd5 26. Kf1 f6 27. Ke1 Kf7 28.
Kd2 g5 29. Nc3 Ne7 30. d5 e5 31. d6 Nf5 32. d7 Rd8 33. Ne4 Ke6 34. g4 Nd6 35.
Nxd6 Bxd6 36. Ke3 Rxd7 37. Ke4 Rc7 38. Nd2 Rc2 39. h3 Be7 40. Ke3 Ra2 41. Ne4 a5
42. bxa5 bxa5 43. h4 gxh4 44. f4 Rxa3 45. f5+ Kf7 46. Rxa3 Bxa3 47. Kf3 Bb4 48.
Nf2 a4 49. Nd3 Bc3 50. Kg2 a3 51. Nc1 e4 52. Kh3 e3 53. Kxh4 a2 54. Nxa2 e2 55.
Kh5 e1=Q 56. Nxc3 Qh1# 0-1

[Event "Candidates FED U16 Online"]
[Site "chess.com INT"]
[Date "2020.04.19"]
[Round "4.1"]
[Board "3"]
[White "Keymer, Vincent"]
[Black "Shlyakhtenko, Robert"]
[Result "1-0"]
[WhiteTitle "GM"]
[BlackTitle "FM"]
[WhiteElo "2558"]
[BlackElo "2342"]
[WhiteTeam "FIDE"]
[BlackTeam "USA"]
[WhiteFideId "12940690"]
[BlackFideId "30936934"]
[EventDate "2020.04.18"]
[EventType "team (rapid)"]

1. d4 Nf6 2. c4 c5 3. d5 e5 4. Nc3 d6 5. e4 Nbd7 6. g3 g6 7. Bg2 Bg7 8. Be3 a6
9. a4 O-O 10. h3 Nh5 11. Bf3 Qb6 12. Nge2 Qb4 13. b3 Nhf6 14. a5 b5 15. O-O bxc4
16. bxc4 h5 17. Qd3 Qb8 18. Rfb1 Qc7 19. Kh2 Kh7 20. Qd2 Ng8 21. Bg2 Bh6 22.
Bxh6 Nxh6 23. Nc1 f5 24. Nd3 f4 25. gxf4 exf4 26. Nxf4 Ne5 27. Nd3 Nf3+ 28. Bxf3
Rxf3 29. Kg2 Qd7 30. Rh1 Rxh3 31. f3 Ra7 32. Nf4 Rxh1 33. Rxh1 Qg7 34. Nd3 Rf7
35. e5 dxe5 36. Ne4 Rf8 37. Ndxc5 Nf5 38. Ng5+ Kg8 39. Nce6 Bxe6 40. Nxe6 Qa7
41. Nxf8 Ne3+ 42. Kh2 Kxf8 43. Rg1 Nxc4 44. Qb4+ Kg7 45. Qxc4 Qf2+ 46. Rg2 1-0

[Event "Candidates FED U16 Online"]
[Site "chess.com INT"]
[Date "2020.04.19"]
[Round "4.1"]
[Board "4"]
[White "Samadashvili, Martha"]
[Black "Assaubayeva, Bibisara"]
[Result "0-1"]
[WhiteTitle "WFM"]
[BlackTitle "FM"]
[WhiteElo "2215"]
[BlackElo "2364"]
[WhiteTeam "USA"]
[BlackTeam "FIDE"]
[WhiteFideId "2097478"]
[BlackFideId "13708694"]
[EventDate "2020.04.18"]
[EventType "team (rapid)"]

1. e4 c5 2. Nf3 d6 3. d4 cxd4 4. Nxd4 Nf6 5. Nc3 a6 6. Rg1 b5 7. g4 Bb7 8. Bg2
e5 9. Nf5 b4 10. Nd5 Nxd5 11. exd5 g6 12. Ng3 Nd7 13. Be3 Qc7 14. Qd2 a5 15.
O-O-O Nb6 16. Bf1 Nxd5 17. Bg2 Rc8 18. Kb1 Nc3+ 19. bxc3 bxc3 20. Qd3 Bxg2 21.
Ka1 Ba8 22. Ne4 Bxe4 23. Qxe4 Qc6 24. Qxc6+ Rxc6 25. Rb1 Bg7 26. Rb5 Kd7 27.
Rxa5 Rb8 28. Rb1 Rxb1+ 29. Kxb1 Ke6 30. Rb5 d5 31. Bb6 Rc4 32. h3 d4 33. Rc5
Rb4+ 0-1

[Event "Candidates FED U16 Online"]
[Site "chess.com INT"]
[Date "2020.04.19"]
[Round "4.1"]
[Board "5"]
[White "Hernandez Gil, Ineymig"]
[Black "Wu, Rochelle"]
[Result "1-0"]
[WhiteTitle "WFM"]
[BlackTitle "WIM"]
[WhiteElo "2348"]
[BlackElo "2028"]
[WhiteTeam "FIDE"]
[BlackTeam "USA"]
[WhiteFideId "3526216"]
[BlackFideId "30908132"]
[EventDate "2020.04.18"]
[EventType "team (rapid)"]

1. e4 c5 2. Nf3 d6 3. c3 Nf6 4. Be2 g6 5. O-O Bg7 6. Qc2 O-O 7. d4 cxd4 8. cxd4
Nc6 9. Nc3 Bg4 10. Be3 Rc8 11. Rfd1 Qc7 12. Rac1 Qb8 13. h3 Bd7 14. Qd2 Rfd8 15.
Bg5 Be8 16. Qe3 b6 17. e5 dxe5 18. dxe5 Nd7 19. e6 Nc5 20. exf7+ Bxf7 21. Bb5
Rxd1+ 22. Rxd1 Ne6 23. Bxc6 Rxc6 24. Bxe7 Qb7 25. Nd5 Rc5 26. Bxc5 Nxc5 27. Ne7+
Kf8 28. Rd8+ Be8 29. Nxg6+ 1-0

[Event "Candidates FED U16 Online"]
[Site "chess.com INT"]
[Date "2020.04.19"]
[Round "4.2"]
[Board "1"]
[White "Huang, Renjie"]
[Black "Han, Yichen"]
[Result "1-0"]
[BlackTitle "FM"]
[WhiteElo "2422"]
[BlackElo "2307"]
[WhiteTeam "CHN"]
[BlackTeam "NED"]
[WhiteFideId "8610134"]
[BlackFideId "1054430"]
[EventDate "2020.04.18"]
[EventType "team (rapid)"]

1. e4 c5 2. Nf3 d6 3. Bb5+ Nd7 4. O-O a6 5. Bd3 Ngf6 6. Re1 e6 7. c3 b5 8. a4 c4
9. Bf1 Rb8 10. axb5 axb5 11. d3 cxd3 12. Nd4 Ne5 13. f4 Ng6 14. Bxd3 Bd7 15. b4
Be7 16. Na3 e5 17. fxe5 dxe5 18. Ndxb5 O-O 19. h3 Qb6+ 20. Be3 Qb7 21. Bf2 Rfd8
22. Qf3 Nf4 23. Bf1 Bc6 24. g3 Ne6 25. Qe3 Nxe4 26. Na7 Bg5 27. Qb6 Qxb6 28.
Bxb6 Rxb6 29. Nc4 Nd2 30. Nxb6 Nf3+ 31. Kh1 Nxe1+ 32. Nxc6 Rd6 33. Nxe5 Rxb6 34.
Rxe1 Bd2 35. Ra1 f6 36. Ra8+ Nf8 37. Nd7 1-0

[Event "Candidates FED U16 Online"]
[Site "chess.com INT"]
[Date "2020.04.19"]
[Round "4.2"]
[Board "2"]
[White "Elgersma, Onno"]
[Black "Zhu, Hengyi"]
[Result "1/2-1/2"]
[WhiteTitle "FM"]
[WhiteElo "2298"]
[BlackElo "2202"]
[WhiteTeam "NED"]
[BlackTeam "CHN"]
[WhiteFideId "1053531"]
[BlackFideId "8611211"]
[EventDate "2020.04.18"]
[EventType "team (rapid)"]

1. d4 Nf6 2. Nf3 d5 3. c4 e6 4. g3 Be7 5. Bg2 O-O 6. O-O dxc4 7. Qc2 b6 8. Bg5
Bb7 9. Rd1 Nbd7 10. Nc3 a6 11. a4 Nd5 12. Bxe7 Qxe7 13. Ne4 Nb4 14. Qb1 h6 15.
Ned2 b5 16. Ng5 Qxg5 17. Bxb7 Rab8 18. Bg2 c5 19. Ne4 Qe7 20. axb5 axb5 21. Ra7
Nc6 22. Rc7 Rfc8 23. Rxc8+ Rxc8 24. dxc5 Nxc5 25. Nd6 Rd8 26. Nxb5 Ne5 27. Nc3
Rxd1+ 28. Qxd1 Qc7 29. Qd4 Nb3 30. Qe4 Qd6 31. h3 Qc5 32. e3 f5 33. Qa8+ Kh7 34.
g4 Nd2 35. gxf5 exf5 36. Qb7 Qd6 37. Qd5 Qxd5 38. Bxd5 Nef3+ 39. Kg2 Ne1+ 40.
Kg3 g5 41. Ne2 Nd3 42. Nd4 Kg6 43. Be6 Ne4+ 44. Kg2 Nd6 45. Bd7 Nxb2 46. f4 Nd3
47. fxg5 hxg5 48. Ba4 c3 49. Kf1 Kf6 50. Ke2 Nb4 51. Bb3 Ke5 52. Nf3+ Kf6 53.
Nd4 Ne4 54. Ba4 g4 55. hxg4 fxg4 56. Bb3 Ke5 57. Ba4 g3 58. Bb3 g2 59. Nf3+ Kf6
60. Ng1 c2 61. Bxc2 Nxc2 62. Kf3 Ke5 63. Kxg2 Nxe3+ 64. Kf3 Nf5 1/2-1/2

[Event "Candidates FED U16 Online"]
[Site "chess.com INT"]
[Date "2020.04.19"]
[Round "4.2"]
[Board "3"]
[White "Zhang, Di"]
[Black "Van Dael, Siem"]
[Result "1-0"]
[BlackTitle "FM"]
[WhiteElo "2108"]
[BlackElo "2293"]
[WhiteTeam "CHN"]
[BlackTeam "NED"]
[WhiteFideId "8616590"]
[BlackFideId "1049771"]
[EventDate "2020.04.18"]
[EventType "team (rapid)"]

1. Nf3 Nf6 2. g3 g6 3. Bg2 Bg7 4. O-O O-O 5. d4 d6 6. b3 Ne4 7. Bb2 c5 8. Nbd2
f5 9. e3 Nc6 10. Qe2 e6 11. c3 Qe7 12. Rac1 b6 13. Rfd1 Bb7 14. Ne1 d5 15. Ndf3
g5 16. dxc5 bxc5 17. Nd2 Ne5 18. c4 g4 19. cxd5 exd5 20. Bxe5 Qxe5 21. Nxe4 fxe4
22. Rxc5 Qf5 23. Nc2 Rac8 24. Rxc8 Qxc8 25. Nd4 Ba6 26. Qd2 Bd3 27. Bf1 Bxd4 28.
exd4 Qf5 29. Re1 Bxf1 30. Rxf1 Kg7 31. Rc1 Rf7 32. Qe3 Kg6 33. Rc6+ Rf6 34. Rc7
Rf7 35. Rxf7 Qxf7 36. Qe2 h5 37. Qa6+ Kg5 38. Qe2 Qf6 39. Qe3+ Kg6 40. Qc3 Kh6
41. a4 Qb6 42. b4 Kg6 43. b5 Kf7 44. Kg2 a6 45. bxa6 Qxa6 46. Qc7+ Kg6 47. a5
Qe2 48. Qd6+ Kh7 49. Qe7+ Kg6 50. Qe6+ Kg7 51. Qe5+ Kg6 52. Qf4 Qd3 53. Qd6+ Kg7
54. Qe7+ Kg6 55. Qe6+ Kg7 56. Qf5 Kh6 57. Qf6+ Kh7 58. h4 Kg8 59. a6 Kh7 60. a7
Qa3 61. Qf7+ Kh6 62. Qf6+ Kh7 63. Qf5+ Kh6 64. Qg5+ Kh7 65. Qxh5+ Kg7 66. Qxg4+
Kh7 67. Qh5+ Kg7 68. Qxd5 Qxa7 69. Qxe4 1-0

[Event "Candidates FED U16 Online"]
[Site "chess.com INT"]
[Date "2020.04.19"]
[Round "4.2"]
[Board "4"]
[White "Roebers, Eline"]
[Black "Ning, Kaiyu"]
[Result "0-1"]
[BlackTitle "WIM"]
[WhiteElo "2066"]
[BlackElo "2327"]
[WhiteTeam "NED"]
[BlackTeam "CHN"]
[WhiteFideId "1058401"]
[BlackFideId "8614750"]
[EventDate "2020.04.18"]
[EventType "team (rapid)"]

1. e4 e6 2. d4 d5 3. Nc3 Nf6 4. Bg5 dxe4 5. Nxe4 Be7 6. Bxf6 gxf6 7. Nf3 f5 8.
Nc3 a6 9. Bd3 b5 10. Qe2 Rg8 11. O-O-O b4 12. Nb1 Bb7 13. Nbd2 Nc6 14. Nc4 Nxd4
15. Nxd4 Qxd4 16. Kb1 Qg4 17. Qe3 O-O-O 18. Na5 Kb8 19. f3 Qg5 20. Qxg5 Rxg5 21.
Nxb7 Kxb7 22. g3 h5 23. f4 Rgg8 24. Rde1 Bf6 25. Re3 h4 26. Rhe1 hxg3 27. hxg3
Rg4 28. Be2 Rg7 29. Bf3+ Kb6 30. Bh1 Rdg8 31. Rb3 a5 32. a3 c5 33. axb4 axb4 34.
c3 Rxg3 35. Rd1 Kc7 36. Kc2 Rh8 0-1

[Event "Candidates FED U16 Online"]
[Site "chess.com INT"]
[Date "2020.04.19"]
[Round "4.2"]
[Board "5"]
[White "Song, Yuxin"]
[Black "Huang, Wendy"]
[Result "1-0"]
[WhiteTitle "WIM"]
[WhiteElo "2290"]
[BlackElo "1860"]
[WhiteTeam "CHN"]
[BlackTeam "NED"]
[WhiteFideId "8614300"]
[BlackFideId "1060724"]
[EventDate "2020.04.18"]
[EventType "team (rapid)"]

1. d4 Nf6 2. Bg5 e6 3. e4 Be7 4. Nd2 d5 5. e5 Nfd7 6. Bxe7 Qxe7 7. Bd3 c5 8. c3
Nc6 9. Ne2 O-O 10. O-O cxd4 11. cxd4 f6 12. f4 fxe5 13. fxe5 Nb6 14. Rxf8+ Qxf8
15. Qc2 g6 16. a3 Bd7 17. Rf1 Qe7 18. Nf3 Rc8 19. Qd2 Rf8 20. Qh6 Qg7 21. Qh4
Ne7 22. Rc1 Rc8 23. Rf1 Rf8 24. Qg5 Nf5 25. Ng3 Nxg3 26. Qxg3 Nc4 27. Bxc4 dxc4
28. Ng5 Rxf1+ 29. Kxf1 Qf8+ 30. Ke2 Qf5 31. Qe3 Bb5 32. Kd2 Ba4 33. Ne4 Kg7 34.
Qf3 Qxf3 35. gxf3 Bc6 36. Ke3 Bd5 37. Nc3 Bc6 38. Nb1 g5 39. Nd2 Bd5 40. Ne4 Kg6
41. Nf6 Bc6 42. Ng8 Kf7 43. Nh6+ Kg6 44. Ng4 Kf5 45. Nf6 Kg6 46. f4 h6 47. Ng8
Kg7 48. Ne7 gxf4+ 49. Kxf4 Bg2 50. Nc8 a6 51. Nb6 Bd5 52. Nxd5 exd5 53. Kf5 Kf7
54. e6+ Ke7 55. Ke5 b5 56. Kxd5 a5 57. Kc5 Kxe6 58. Kxb5 Kd5 59. Kxa5 Kxd4 60.
Kb4 Kd3 61. a4 1-0

[Event "Candidates FED U16 Online"]
[Site "chess.com INT"]
[Date "2020.04.19"]
[Round "4.3"]
[Board "1"]
[White "Murzin, Volodar"]
[Black "Maurizzi, Marc Andria"]
[Result "1/2-1/2"]
[WhiteTitle "IM"]
[BlackTitle "IM"]
[WhiteElo "2465"]
[BlackElo "2433"]
[WhiteTeam "RUS"]
[BlackTeam "FRA"]
[WhiteFideId "44155573"]
[BlackFideId "36083534"]
[EventDate "2020.04.18"]
[EventType "team (rapid)"]

1. d4 d5 2. Nf3 Nf6 3. Bf4 c5 4. e3 e6 5. Nbd2 Nc6 6. c3 cxd4 7. exd4 Nh5 8. Bg3
g6 9. Bd3 Bg7 10. Qe2 O-O 11. O-O Nxg3 12. hxg3 Bd7 13. Rfe1 Qc7 14. Ne5 Rae8
15. Ndf3 f6 16. Nxd7 Qxd7 17. Rad1 f5 18. Qd2 a6 19. Re2 Re7 20. Rde1 Rfe8 21.
a3 e5 22. dxe5 Nxe5 23. Nxe5 Rxe5 24. Rxe5 Rxe5 25. Rxe5 Bxe5 26. Bc4 Kg7 27.
Qxd5 Qxd5 28. Bxd5 b6 29. Kf1 h5 30. Ke2 f4 31. gxf4 Bxf4 32. Kd3 Kf6 33. a4 h4
34. Bb7 a5 35. Bc8 Ke5 36. Kc4 Kd6 37. b4 axb4 38. cxb4 Kc7 39. Bg4 Kb7 40. Kb5
g5 41. Bf3+ Ka7 42. Bg4 Bd2 43. a5 bxa5 44. Kxa5 Be1 45. f3 Bg3 46. Kb5 Bf4 47.
Kc6 Kb8 48. b5 Bc1 49. b6 Bf4 50. b7 Bc1 51. Bc8 Bf4 52. Kd5 Bc1 53. Ke6 Bf4 54.
Kf5 Bc1 55. Kg4 Kc7 56. Kh3 Kb8 57. g3 hxg3 58. Kxg3 Bf4+ 59. Kg4 Kc7 1/2-1/2